00771nam a2200217Ia 4500003000900000008004100009040001300050040001300063041000900076245009800085250000900183260003500192260000900227300001000236490000600246600004400252710004800296942000700344999001300351952018900364IT-RoPAU120407s9999 xx 000 0 und d aIT-RoPAU cIT-RoPAU alat  aDe cultu mariano saeculo XVI Acta congressus mariologici- mariani intern. Caesaraugustae 1979 aRoma aPont. Academia Mariana Intern. c1985 c24 cm v7 a7° vol.: Apud varias nationes...607 p. aAcademia (Pontificia) Mariana internazional cBK c479d479 00102ddc406243_800000000000000_2071aPAULUSbPAULUSd2012-04-11l0o243.8.20r2012-04-11 00:00:00w2012-04-11yBKzInserito da: Anna In data: n.d. fondo: Via A.Severo 56 Progr:5193